Overcoming the trauma of your motor vehicle accident (Record no. 128493)
[ view plain ]
| 000 -LEADER | |
|---|---|
| fixed length control field | 01922nam a22003854a 4500 |
| 082 04 - DEWEY DECIMAL CLASSIFICATION NUMBER | |
| Classification number | 616.85/210076 |
| 100 1# - MAIN ENTRY--AUTHOR NAME | |
| Personal name | Hickling, Edward J. |
| 245 10 - TITLE STATEMENT | |
| Title | Overcoming the trauma of your motor vehicle accident |
| 260 ## - PUBLICATION, DISTRIBUTION, ETC. (IMPRINT) | |
| Place of publication | New York : |
| Name of publisher | Oxford University Press, |
| Year of publication | c2006. |
| 300 ## - PHYSICAL DESCRIPTION | |
| Number of Pages | vi, 110 p. : |
| Other physical details | ill. |
| 490 1# - SERIES STATEMENT | |
| Series statement | Treatments that work |
| 505 0# - FORMATTED CONTENTS NOTE | |
| Formatted contents note | Introduction -- Overview of the program -- Pretreatment assessment -- Session 1 -- Session 2 -- Session 3 -- Session 4 -- Session 5 -- Session 6 -- Midtreatment reassessment -- Sessions 7 through 9 -- End-of-treatment reassessment -- Session 10 - termination session. |
| 650 #0 - SUBJECT ADDED ENTRY--TOPICAL TERM | |
| Topical Term | Traffic accident victims |
| Topical Term | Post-traumatic stress disorder |
| Topical Term | Cognitive therapy |
| Topical Term | Traffic accidents |
| 700 1# - ADDED ENTRY--PERSONAL NAME | |
| Personal name | Blanchard, Edward B. |
| 856 40 - ELECTRONIC LOCATION AND ACCESS | |
| Uniform Resource Identifier | http://site.ebrary.com/lib/rucke/Doc?id=10215738 |
No items available.
